|
|
|
|
| LEADER |
00000nam0a2200000 4500 |
| 001 |
121961 |
| 005 |
20231031125753.0 |
| 035 |
|
|
|a (RuTPU)RU\TPU\book\132073
|
| 090 |
|
|
|a 121961
|
| 100 |
|
|
|a 20070924d1977 km y0rusy50 ca
|
| 101 |
0 |
|
|a rus
|
| 102 |
|
|
|a RU
|
| 105 |
|
|
|a a z 001zy
|
| 200 |
1 |
|
|a Сток наносов его изучение и географическое распределение
|f Государственный гидрологический институт (ГГИ) ; под ред. А. В. Караушева
|
| 210 |
|
|
|a Ленинград
|c Гидрометеоиздат
|d 1977
|
| 215 |
|
|
|a 240 с.
|c ил.
|
| 320 |
|
|
|a Библиогр.: с. 230-238.
|
| 610 |
1 |
|
|a речные насосы
|
| 610 |
1 |
|
|a стоки
|
| 610 |
1 |
|
|a изучение
|
| 610 |
1 |
|
|a географическое распределение
|
| 610 |
1 |
|
|a мутность
|
| 610 |
1 |
|
|a измерение
|
| 610 |
1 |
|
|a гранулометрический состав
|
| 610 |
1 |
|
|a водохранилища
|
| 610 |
1 |
|
|a нижние бьефы
|
| 610 |
1 |
|
|a пруды
|
| 610 |
1 |
|
|a параметры
|
| 610 |
1 |
|
|a распределение
|
| 610 |
1 |
|
|a Мировой океан
|
| 610 |
1 |
|
|a водная эрозия
|
| 675 |
|
|
|a 551.482
|v 3
|
| 702 |
|
1 |
|a Караушев
|b А. В.
|g Анатолий Васильевич
|4 340
|
| 712 |
0 |
2 |
|a Государственный гидрологический институт (ГГИ)
|c (Санкт-Петербург)
|2 stltpush
|3 (RuTPU)RU\TPU\col\7764
|
| 801 |
|
1 |
|a RU
|b 63413507
|c 20070924
|g PSBO
|
| 801 |
|
2 |
|a RU
|b 63413507
|c 20080924
|g PSBO
|
| 942 |
|
|
|c BK
|